Phong cách văn xuôi nghệ thuật Thạch Lam

Enregistré dans:
Détails bibliographiques
Auteur principal: Nguyễn, Thành Thi
Format: Livre
Langue:Undetermined
Publié: Hà Nội Khoa học Xã hội 2006
Sujets:
Tags: Ajouter un tag
Pas de tags, Soyez le premier à ajouter un tag!
Thư viện lưu trữ: Trung tâm Học liệu Trường Đại học Cần Thơ
LEADER 00625nam a2200205Ia 4500
001 CTU_112383
008 210402s9999 xx 000 0 und d
020 |c 32000 
082 |a 895.922309 
082 |b Th300 
100 |a Nguyễn, Thành Thi 
245 0 |a Phong cách văn xuôi nghệ thuật Thạch Lam 
245 0 |c Nguyễn Thành Thi 
260 |a Hà Nội 
260 |b Khoa học Xã hội 
260 |c 2006 
650 |a Vietnamese literature,Vietnamese fiction, theory of 
650 |x History and criticism 
904 |i Minh 
980 |a Trung tâm Học liệu Trường Đại học Cần Thơ